El cristal encantado = The Dark Crystal /

Zapisane w:
Opis bibliograficzny
1. autor: Henson, Jim (realización)
Kolejni autorzy: Oz, Frank (realización) (realización), Odell, David (guión) (guión), Froud, Brian (diseño) (diseño), Morris, Oswald (fotógrafo) (fotógrafo), Froud, Brian (vestuario) (vestuario), Kemplen, Ralph (montaje) (montaje), Jones, Trevor (música) (música), Garlick, Stephen (voz) (voz), Maxwell, Lisa (voz) (voz), Whitelaw, Billie (voz) (voz), Goldsmith, Anthony (producción) (producción), Drury, Stephen (fotógrafo) (fotógrafo), Solomon, Arthur (montaje) (montaje)
Format: Diapozytyw
Język:angielski
Wydane: Los Angeles, EUA : Londres, Inglaterra : Jim Henson Productions ; Incorporated Television Company, c1982-1983
Hasła przedmiotowe:
Etykiety: Dodaj etykietę
Nie ma etykietki, Dołącz pierwszą etykiete!

MARC

LEADER 00000ngm^a2200000^a^4500
001 000187419
005 20250521000000.0
009 20260310102258.393
037 |a Acervo ITESO - Biblioteca 
041 |a ING 
082 |a 808. 899282  |b HEN 
100 |a Henson, Jim  |e (realización) 
240 1 4 |a [El cristal encantado] 
245 1 3 |a El cristal encantado =  |b The Dark Crystal /  |c Realización de J. Henson, F. Oz. 
264 4 |a Los Angeles, EUA :  |b Jim Henson Productions ;  |a Londres, Inglaterra :  |b Incorporated Television Company,  |c c1982-1983 
264 2 |a Los Angeles, EUA :  |b Sony Pictures [distribución],  |c 2005, c2005 
300 |a 1 DVD región 4 (93, 57 min.) :  |b color 
336 |a imagen móvil bidimensional  |b tdi  |2 rdacontenido 
337 |a video  |b v  |2 rdamedio 
338 |a videodisco  |b vd  |2 rdasoporte 
546 |a En inglés, con subtítulos opcionales: español, chino, coreano, inglés 
546 |a Doblaje opcional: español 
649 |a XX 
650 |a Cineastas Norteamericanos 
650 |a Dragones en el Cine 
650 |a Animales Mitológicos en el Cine 
650 |a Monstruos en el Cine 
650 |a Seres Fantásticos en el Cine 
650 |a Brujos y Chamanes en el Cine 
650 |a Magos en el Cine 
650 |a Títeres en el Cine 
650 |a Películas Infantiles 
650 |a Cine de Aventuras 
650 |a Cine de Animación 
650 |a Cine Fantástico 
650 |a Making Of (Documentales detrás de Cámaras) 
650 |a Cine Norteamericano -  |y 1980-1989 
650 |a Cine Norteamericano -  |y Siglo XX 
650 |a Cine Norteamericano -  |x Historia y Crítica 
650 |a Cristales 
650 |a Luz y Sombra 
650 |a Bien y Mal 
650 |a Civilizaciones Extraterrestres 
650 |a Henson, Jim 
650 |a Oz, Frank 
650 |a Froud, Brian 
740 3 |a La realización del mundo de El cristal encantado =  |b The World of The Dark Crystal /  |c Prod. de A. Goldsmith. 
700 |a Oz, Frank  |e (realización) 
700 |a Odell, David  |e (guión) 
700 |a Froud, Brian  |e (diseño) 
700 |a Morris, Oswald  |e (fotógrafo) 
700 |a Froud, Brian  |e (vestuario) 
700 |a Kemplen, Ralph  |e (montaje) 
700 |a Jones, Trevor  |e (música) 
700 |a Garlick, Stephen  |e (voz) 
700 |a Maxwell, Lisa  |e (voz) 
700 |a Whitelaw, Billie  |e (voz) 
700 |a Goldsmith, Anthony  |e (producción) 
700 |a Drury, Stephen  |e (fotógrafo) 
700 |a Solomon, Arthur  |e (montaje) 
910 |a Fondo General 
920 |a Audiovisuales - DVDs 
940 |a Películas 
905 |a 308 
901 |a 0500088811  |b IT2  |c DVR  |u 20250521 
902 |a https://opac.biblio.iteso.mx/vufind/Record/000187419